000 00319nam a22001337a 4500
008 170726b xxu||||| |||| 00| 0 eng d
020 _a2900131915205
041 _aeng
080 _a004
100 _a30
101 _aSHK
245 _aPROFESSIONAL AND TECHNICAL WRITING STRATEGIES
_cVANALSTYNE,J.S
942 _2udc
_cBK
999 _c21926
_d21926